Welcome to the Holygrace Academy Library

Please use search bar below to get started

GOLDERN DREAMS, SILVER SKATES, THE PHOENIX AND THE CARPET, THE LITTLE PRINCE (Record no. 2994)

MARC details
000 -LEADER
fixed length control field 00543nam a22001697a 4500
020 ## - INTERNATIONAL STANDARD BOOK NUMBER
ISBN 978-81-291-3898-9
082 ## - DEWEY DECIMAL CLASSIFICATION NUMBER
Classification number 823
Item number IRV/G
100 ## - MAIN ENTRY--AUTHOR NAME
Personal name IRVING, WASHINGTON
100 ## - MAIN ENTRY--AUTHOR NAME
Personal name DODGE, MARY MAPES
245 ## - TITLE STATEMENT
Title GOLDERN DREAMS, SILVER SKATES, THE PHOENIX AND THE CARPET, THE LITTLE PRINCE
Remainder of title JUNIOR CLASSICS
246 ## - VARYING FORM OF TITLE
Title proper/short title GOLDERN DREAMS, SILVER SKATES, THE PHOENIX AND THE CARPET, THE LITTLE PRINCE
Remainder of title JUNIOR CLASSICS
260 ## - PUBLICATION, DISTRIBUTION, ETC. (IMPRINT)
Place of publication NEW DELHI
Name of publisher RED TURTLE
Year of publication 2016
300 ## - PHYSICAL DESCRIPTION
Number of Pages 126
520 ## - SUMMARY, ETC.
Summary, etc SHORT STORY
650 ## - SUBJECT ADDED ENTRY--TOPICAL TERM
Topical Term SHORT STORY
942 ## - ADDED ENTRY ELEMENTS (KOHA)
Koha item type Books
Holdings
Withdrawn status Lost status Collection code Home library Current library Shelving location Date acquired Source of acquisition Cost, normal purchase price Full call number Accession Number Koha item type
    Fiction Main Library Main Library SHELF 4-F ENGLISH CLASSICS 08/01/2019 Purchase 140.00 823 IRV/G 10514 Books